000 00661cam a22001814a 4500
005 20250605164148.0
008 250528s ||||||||||||||||||||||||d
035 _a19253
040 _aGR-AtMCL
_bgre
_dGR-AtMCL
_eAACR2
245 1 _aΗ Εποχή του Μπαρόκ / Παγκόσμιος Ιστορία Τέχνης
260 _bΧρυσός Τύπος,
_c1977
300 _a178
520 _aΕισαγωγή, Το Μπαρόκ, Ο Κλασικισμός του 17ου Αιώνα, Ο Ρεαλισμός, Το Ροκοκό, Ο Νέο-Κλασικισμός.
700 1 _aKitson Michael
_95483
942 _cBK
999 _c4519
_d4519